000 02846nam0a2200361 4500
001 RU\NLR\BIBL_A\011931013
005 20190220120401.0
010 _a978-5-88999-486-2
_9100
021 _aRU
_bКН-П-18-101479
_9КН-П-18-7352
021 _aRU
_bКН-П-18-101479
_9КН-П-18-7514
035 _a(NLR Aleph) 011931013
035 _a(RuMoRGB)009851275
090 _a11038725
_c11038726
100 _a20190207d2017 u y0rusy50 ca
101 0 _arus
102 _aRU
105 _aa j 000zy
200 1 _aВозрастная анатомия человека (детский и юношеский возраст)
_eучебное пособие для студентов I-II курсов педиатрического факультета
_fФедеральное государственное бюджетное образовательное учреждение высшего образования "Первый Санкт-Петербургский государственный медицинский университет имени академика И. П. Павлова" Министерства здравоохранения Российской Федерации, Кафедра клинической анатомии и оперативной хирургии имени профессора М. Г. Привеса
_g[В. А. Иванов, к.м.н.. доцент и др.
_gпод редакцией д.м.н., профессора А. Л. Акопова]
210 _aСанкт-Петербург
_cРИЦ ПСПбГМУ
_d2017
215 _a68 с.
_cил.
_d21
320 _aБиблиогр.: с. 67-68 (30 назв.)
606 1 _aДети
_jУчебные издания для высших учебных заведений
_xАнатомо-физиологические особенности
_9906148
_3RU\NLR\AUTH\6610380
606 1 _aПодростки
_jУчебные издания для высших учебных заведений
_xАнатомо-физиологические особенности
_9906170
_3RU\NLR\AUTH\6610391
686 1 _aР731я73
702 1 _4220
_7ca
_8rus
_aИванов
_bВ. А.
_cканд. мед. наук
_gВиталий Александрович
_925319
_3RU\NLR\AUTH\7742374
702 1 _aАкопов
_bА. Л.
_gАндрей Леонидович
_4340
712 0 2 _4570
_aСанкт-Петербургский государственный медицинский университет им. И. П. Павлова
_bКафедра клинической анатомии и оперативной хирургии им. М. Г. Привеса
_9647328
_3RU\NLR\AUTH\880493678
942 _cBOOK
980 _aNBR
980 _aNB